Central Library OPAC University of Rajshahi

Government and business (Record no. 1997)

MARC details
000 -LEADER
fixed length control field 00884cam a22002891a 4500
001 - CONTROL NUMBER
control field 1997
003 - CONTROL NUMBER IDENTIFIER
rucl marc code BD-RjUL
005 - DATE AND TIME OF LATEST TRANSACTION
control field 20211208233447.0
008 - FIXED-LENGTH DATA ELEMENTS--GENERAL INFORMATION
fixed length control field 131210s1966 ohu 001 0 eng
035 ## - SYSTEM CONTROL NUMBER
System control number (BD-RjUL)2024
System control number 524582
040 ## - CATALOGING SOURCE
Original cataloging agency LC
Language of cataloging eng
Transcribing agency LC
Modifying agency LC
-- BD-RjUL
041 ## - LANGUAGE CODE
Language code of text/sound track or separate title eng
082 04 - DEWEY DECIMAL CLASSIFICATION NUMBER
Classification number 343.73/07
Edition number 19
Classification number 347.3037
Edition number 19
Author mark and year ANG
100 1# - MAIN ENTRY--PERSONAL NAME
Personal name Anderson, Ronald A.
Fuller form of name (Ronald Aberdeen),
Dates associated with a name 1911-
9 (RLIN) 6577
245 10 - TITLE STATEMENT
Title Government and business
Statement of responsibility, etc. [by] Ronald A. Anderson.
250 ## - EDITION STATEMENT
Edition statement 3d ed.
260 ## - PUBLICATION, DISTRIBUTION, ETC. (IMPRINT)
Place of publication, distribution, etc. Cincinnati:
Name of publisher, distributor, etc. South-western Pub. Co.,
Date of publication, distribution, etc. c1966
300 ## - PHYSICAL DESCRIPTION
Pagination xvi, 710 p.;
Size 24 cm.
500 ## - GENERAL NOTE
General note First ed. published in 1950 under title: Government regulation of business.
650 #0 - SUBJECT ADDED ENTRY--TOPICAL TERM
Topical term or geographic name as entry element Trade regulation
Geographic subdivision United States.
9 (RLIN) 6578
942 ## - ADDED ENTRY ELEMENTS (KOHA)
Source of classification or shelving scheme Dewey Decimal Classification
Koha item type Books
Holdings
Lost status Source of classification or shelving scheme Damaged status Not for loan Collection code Permanent Location Current Location Shelving location Date acquired Source of acquisition Cost, normal purchase price Total Checkouts Full call number Date last seen Copy number Koha item type
  Dewey Decimal Classification   Not For Loan Non-fiction Central Library, University of Rajshahi Central Library, University of Rajshahi Reading Room 12/07/1973 Book centre 89.55   343.7307 ANG 1966 10/12/2013 C-1 Books